Statistiques concernant Les derniers pays à avoir aboli l'esclavage

Cliquez ici pour prendre le quiz!

Statistiques générales

  • Ce quiz a été pris 131 fois
  • Le résultat moyen est 9 sur 16

Statistiques - réponses

Date de l'abolitionPays% Correct
1909Chine
81%
1924Irak
66%
1929Iran
65%
1962Arabie Saoudite
61%
1923Afghanistan
58%
1992Pakistan
58%
1962Yémen
58%
1952Qatar
57%
1922Maroc
56%
1970Oman
56%
1937Bahreïn
45%
1949Koweït
45%
1942Éthiopie
43%
1980Mauritanie
40%
1960Niger
35%
1926Népal
28%

Distribution des résultats

Percentile par nombre de réponses

% des personnes avec chaque résultat

Votre développement - résultats

Vous n’avez pas pris ce quiz